000
00251nam a2200109Ia 4500
008
190216s9999||||xx |||||||||||||| ||und||
100
_a
Kuttikrishna Marar
245
0
_a
Bharatha Paryadanam
260
_b
P K Brothers
650
_a
Padanam
942
_c
BK
999
_c
24125
_d
24125